[Event "New Zealand Junior Chp"]
[Site "Waitakere"]
[Date "2012.07.05"]
[Round "6.14"]
[White "Feng, Dahlia"]
[Black "Qin, Joy Shu Yan"]
[Result "0-1"]
[WhiteElo "1022"]
[BlackElo "1485"]
[PlyCount "76"]
[EventDate "2012.07.06"]
[EventType "swiss"]
[EventRounds "7"]
[EventCountry "NZL"]
[SourceDate "2012.09.09"]

1. d4 d5 2. Nf3 e6 3. g3 c5 4. c3 Nc6 5. Bg2 Nf6 6. Bf4 cxd4 7. cxd4 Bd6 8. Bg5
O-O 9. O-O h6 10. Bxf6 Qxf6 11. Nc3 a6 12. e3 Qd8 13. Re1 Re8 14. e4 dxe4 15.
Nxe4 Bc7 16. Nc3 Nb4 17. a3 Nd5 18. Ne5 Nxc3 19. bxc3 f6 20. Ng6 e5 21. Qb3+
Be6 22. Qxb7 Rb8 23. Qxa6 Bd5 24. Rad1 Bb3 25. Rc1 exd4 26. cxd4 Rxe1+ 27. Rxe1
Qxd4 28. Ne7+ Kf8 29. Nc6 Qc3 30. Rf1 Bc4 31. Qa4 Bxf1 32. Bxf1 Rb1 33. Qa8+
Kf7 34. Qa7 Qxc6 35. h4 Qc4 36. Kg2 Qxf1+ 37. Kf3 Rb3+ 38. Ke4 Qd3# 0-1

[Event "New Zealand Junior Chp"]
[Site "Waitakere"]
[Date "2012.07.05"]
[Round "6.15"]
[White "Zhu, Crystal"]
[Black "Qin, Nicole Shu Yu"]
[Result "1-0"]
[WhiteElo "1223"]
[BlackElo "1013"]
[PlyCount "123"]
[EventDate "2012.07.06"]
[EventType "swiss"]
[EventRounds "7"]
[EventCountry "NZL"]
[SourceDate "2012.09.09"]

1. e4 e6 2. d4 d5 3. exd5 exd5 4. Bd3 Nf6 5. Bf4 c6 6. c3 Be7 7. Nf3 O-O 8. O-O
Re8 9. Nbd2 Bd6 10. Bxd6 Qxd6 11. Qc2 h6 12. h3 Nbd7 13. Rfe1 b6 14. Rxe8+ Nxe8
15. Rc1 Nef6 16. c4 Ba6 17. Bf5 Re8 18. Bxd7 Nxd7 19. c5 bxc5 20. dxc5 Qf6 21.
b4 Ne5 22. Nxe5 Rxe5 23. Nf3 Re2 24. Qa4 Qb2 25. Rf1 Bb5 26. Qb3 Qxb3 27. axb3
Rb2 28. Nd4 Bxf1 29. Nxc6 Bb5 30. Nxa7 Rb1+ 31. Kh2 Bf1 32. c6 Ba6 33. b5 Bxb5
34. Nxb5 Rxb3 35. c7 Rxb5 36. c8=Q+ Kh7 37. Qd7 Rc5 38. Qxf7 d4 39. Qf3 Rc3 40.
Qe4+ g6 41. Qxd4 Rc7 42. g4 g5 43. Qe4+ Kg8 44. Qg6+ Kf8 45. Qxh6+ Ke8 46. Qxg5
Kd7 47. h4 Kd6 48. h5 Kc6 49. h6 Kb7 50. Qh5 Rh7 51. Qg6 Rh8 52. Qg7+ Kc8 53.
Qxh8+ Kd7 54. Qg7+ Ke6 55. h7 Kd5 56. h8=R Ke4 57. Qf7 Kd3 58. Re8 Kd2 59. Qd7+
Kc3 60. Rc8+ Kb4 61. Qb7+ Ka4 62. Ra8# 1-0

[Event "New Zealand Junior Chp"]
[Site "Waitakere"]
[Date "2012.07.05"]
[Round "6.16"]
[White "Hill, Raymon"]
[Black "Zhang, Jasmine"]
[Result "0-1"]
[WhiteElo "725"]
[BlackElo "1010"]
[PlyCount "82"]
[EventDate "2012.07.06"]
[EventType "swiss"]
[EventRounds "7"]
[EventCountry "NZL"]
[SourceDate "2012.09.09"]

1. d4 d5 2. c4 c6 3. e3 Bf5 4. Nf3 e6 5. Bd3 Bg6 6. Bxg6 hxg6 7. Nc3 Bd6 8. Ne2
Nf6 9. Ng3 Nbd7 10. h3 Qe7 11. c5 Bc7 12. b4 Rb8 13. Bd2 e5 14. Bc3 e4 15. Ng5
Nh5 16. Nxh5 gxh5 17. h4 Nf6 18. f3 exf3 19. Qxf3 Ng4 20. Bd2 Rh6 21. O-O-O Rf6
22. Qe2 Nf2 23. Rhf1 Nxd1 24. Rxf6 Qxf6 25. Kxd1 Qg6 26. a3 Bg3 27. Qf3 Bxh4
28. Nh3 Bf6 29. Nf4 Qf5 30. Nxh5 Qxf3+ 31. gxf3 Ke7 32. Nxf6 Kxf6 33. Ke2 Rg8
34. Kf2 g5 35. Kg3 Kf5 36. Kf2 g4 37. f4 g3+ 38. Kg2 Ke4 39. Be1 Kxe3 40. Bxg3
Kxd4 41. Kf3 Kc4 0-1

[Event "New Zealand Junior Chp"]
[Site "Waitakere"]
[Date "2012.07.05"]
[Round "6.17"]
[White "Rains, Jessica"]
[Black "Geng, Karen Jingyi"]
[Result "0-1"]
[WhiteElo "1127"]
[BlackElo "1425"]
[PlyCount "120"]
[EventDate "2012.07.06"]
[EventType "swiss"]
[EventRounds "7"]
[EventCountry "NZL"]
[SourceDate "2012.09.09"]

1. e4 d5 2. Nc3 d4 3. Nd5 c6 4. Nf4 e5 5. Nd3 Bd6 6. Nf3 Bg4 7. Be2 Nd7 8. c3
dxc3 9. bxc3 Ngf6 10. Qb3 Rb8 11. Ng5 O-O 12. Bxg4 Nxg4 13. Qd1 Qxg5 14. f3
Ngf6 15. Nf2 Ne8 16. d4 Qe7 17. Nh3 exd4 18. cxd4 Bb4+ 19. Bd2 Bxd2+ 20. Qxd2
Nef6 21. O-O Nb6 22. e5 Nfd5 23. Nf4 Nxf4 24. Qxf4 Nd5 25. Qd2 Qb4 26. Qxb4
Nxb4 27. Rfb1 Nc2 28. Rc1 Nxa1 29. Rxa1 Rfd8 30. Rd1 b5 31. Kf2 b4 32. Ke3 c5
33. d5 b3 34. axb3 Rxb3+ 35. Ke4 c4 36. d6 a5 37. Kd5 Rd3+ 38. Kc5 Rxd1 39. Kc6
R1xd6+ 40. exd6 Rxd6+ 41. Kc5 c3 42. Kxd6 c2 43. g4 c1=Q 44. h4 a4 45. Ke5 a3
46. g5 f6+ 47. gxf6 gxf6+ 48. Kxf6 Qf4+ 49. Ke6 a2 50. h5 a1=R 51. h6 Qf7+ 52.
Kd6 Ra6+ 53. Kc5 Qf5+ 54. Kb4 Qa5+ 55. Kc4 Rb6 56. Kd3 Rb4 57. Ke3 Qa3+ 58. Kf2
Rf4 59. Ke2 Qxf3+ 60. Kd2 Re4 0-1

[Event "New Zealand Junior Chp"]
[Site "Waitakere"]
[Date "2012.07.05"]
[Round "6.18"]
[White "Yan, Sarah"]
[Black "Wang, Tony"]
[Result "1-0"]
[WhiteElo "1075"]
[BlackElo "974"]
[PlyCount "113"]
[EventDate "2012.07.06"]
[EventType "swiss"]
[EventRounds "7"]
[EventCountry "NZL"]
[SourceDate "2012.09.09"]

1. e4 e5 2. Nf3 Nc6 3. d4 exd4 4. Bc4 f5 5. exf5 d5 6. Bd3 Nge7 7. Bg5 Qd6 8.
O-O Nxf5 9. Bxf5 Bxf5 10. Re1+ Be7 11. Bxe7 Nxe7 12. Nxd4 Bg6 13. Qe2 Kd7 14.
Nc3 Rae8 15. Qb5+ Kc8 16. Rac1 c6 17. Qe2 Nf5 18. Qd2 Nxd4 19. Qxd4 Rxe1+ 20.
Rxe1 Bxc2 21. Qxa7 Qb8 22. Qxb8+ Kxb8 23. Rc1 Re8 24. h3 Bg6 25. Kh2 Kc8 26.
Kg3 Kd7 27. a3 Kd6 28. f3 Ke5 29. Re1+ Kd4 30. Rxe8 Bxe8 31. Kf2 Kd3 32. Ke1 d4
33. Nd1 Bf7 34. g4 Bd5 35. f4 c5 36. h4 Bf3 37. g5 Bxd1 38. Kxd1 c4 39. f5 Ke4
40. f6 Kd3 41. fxg7 c3 42. bxc3 dxc3 43. Kc1 c2 44. g8=Q Kc3 45. Qc8+ Kb3 46.
Qxc2+ Kxa3 47. Qb1 h6 48. gxh6 b5 49. Kc2 Ka4 50. h7 b4 51. Qb3+ Kb5 52. h8=Q
Kc5 53. Qd3 b3+ 54. Kxb3 Kc6 55. Qc8+ Kb6 56. Kb2 Ka7 57. Qda6# 1-0

[Event "New Zealand Junior Chp"]
[Site "Waitakere"]
[Date "2012.07.05"]
[Round "6.19"]
[White "Jin, Sophia"]
[Black "Tang, Tony"]
[Result "1-0"]
[WhiteElo "977"]
[BlackElo "597"]
[PlyCount "41"]
[EventDate "2012.07.06"]
[EventType "swiss"]
[EventRounds "7"]
[EventCountry "NZL"]
[SourceDate "2012.09.09"]

1. e4 c5 2. Nf3 d6 3. Bb5+ Nc6 4. d4 cxd4 5. Nxd4 Bd7 6. Nc3 Nf6 7. O-O e5 8.
Nf3 a6 9. Ba4 b5 10. Bb3 g6 11. Re1 Bg7 12. Nd5 Nxd5 13. exd5 Nb4 14. a3 Nxc2
15. Qxc2 O-O 16. Be3 Rc8 17. Qd2 Re8 18. Bh6 Bxh6 19. Qxh6 Qe7 20. Ng5 Rf8 21.
Qxh7# 1-0

[Event "New Zealand Junior Chp"]
[Site "Waitakere"]
[Date "2012.07.05"]
[Round "6.20"]
[White "Fu, Alex"]
[Black "Zhu, Martin"]
[Result "0-1"]
[WhiteElo "737"]
[BlackElo "1220"]
[PlyCount "48"]
[EventDate "2012.07.06"]
[EventType "swiss"]
[EventRounds "7"]
[EventCountry "NZL"]
[SourceDate "2012.09.09"]

1. d3 e5 2. e4 Nc6 3. Nf3 Nf6 4. Nbd2 d5 5. d4 exd4 6. exd5 Nxd5 7. Bb5 Bd7 8.
O-O Be7 9. Re1 O-O 10. Ne5 Nxe5 11. Bxd7 Nxd7 12. Nb3 c5 13. Be3 N7b6 14. c3
dxe3 15. fxe3 Nf6 16. Qxd8 Rfxd8 17. Na5 Rd7 18. Rad1 Rad8 19. Rf1 Rxd1 20.
Rxd1 Rxd1+ 21. Kf2 Rd2+ 22. Kf3 Rxb2 23. Nxb7 Rxa2 24. Nxc5 Bxc5 {
and Black won in another 30 unintelligible moves,} 0-1

[Event "New Zealand Junior Chp"]
[Site "Waitakere"]
[Date "2012.07.05"]
[Round "6.21"]
[White "Wen, Victor"]
[Black "Hill, Anthony"]
[Result "1-0"]
[WhiteElo "418"]
[BlackElo "717"]
[PlyCount "85"]
[EventDate "2012.07.06"]
[EventType "swiss"]
[EventRounds "7"]
[EventCountry "NZL"]
[SourceDate "2012.09.09"]

1. e4 e5 2. f4 exf4 3. d3 Qh4+ 4. Kd2 Bb4+ 5. c3 Qf2+ 6. Qe2 Qxe2+ 7. Kxe2 Bd6
8. Kf3 Nf6 9. Bxf4 Bxf4 10. Kxf4 O-O 11. g4 d6 12. Bh3 h5 13. g5 Bxh3 14. Nxh3
Nfd7 15. Kg3 Ne5 16. Nf4 g6 17. d4 Nc4 18. Na3 Nxb2 19. Rab1 Na4 20. Rxb7 Nxc3
21. Kf3 Re8 22. Re1 Nxa2 23. Rxc7 Na6 24. Rd7 Rac8 25. Nb5 Rc4 26. Rxd6 Rb8 27.
Rxa6 Rxb5 28. Rxa2 Rb3+ 29. Re3 Rxe3+ 30. Kxe3 Rc3+ 31. Kd2 Rf3 32. Ne2 Rf2 33.
Rxa7 Rxh2 34. Ra8+ Kg7 35. Kd3 Rh3+ 36. Kc4 Re3 37. Nc3 Rg3 38. d5 Rxg5 39. d6
h4 40. d7 h3 41. Rg8+ Kf6 42. d8=Q+ Ke5 43. Qxg5+ 1-0

[Event "New Zealand Junior Chp"]
[Site "Waitakere"]
[Date "2012.07.06"]
[Round "7.1"]
[White "James, Jack"]
[Black "Li, Zuhao Luke"]
[Result "0-1"]
[WhiteElo "1764"]
[BlackElo "2333"]
[PlyCount "178"]
[EventDate "2012.07.06"]
[EventType "swiss"]
[EventRounds "7"]
[EventCountry "NZL"]
[SourceDate "2012.09.09"]

1. e4 e5 2. f4 d5 3. exd5 exf4 4. Nf3 Qxd5 5. Nc3 Qd8 6. d4 Bd6 7. Bc4 Nf6 8.
Qe2+ Qe7 9. O-O Qxe2 10. Nxe2 O-O 11. Bxf4 Bf5 12. c3 Nc6 13. Bxd6 cxd6 14. Ng3
Bg6 15. Nh4 d5 16. Nxg6 hxg6 17. Bd3 Rfe8 18. Rae1 Kf8 19. h3 a6 20. Kf2 Rxe1
21. Rxe1 Re8 22. Rxe8+ Kxe8 23. Ke3 Ke7 24. Ne2 Kd6 25. b3 b5 26. c4 bxc4 27.
bxc4 dxc4 28. Bxc4 Nd5+ 29. Kf3 a5 30. a4 g5 31. Ng3 Nb6 32. Nf5+ Kc7 33. Bxf7
Nxa4 34. Kg4 Nc3 35. Kxg5 Ne2 36. Bc4 Nexd4 37. Nxd4 Nxd4 38. Kg6 Kd6 39. Kxg7
Nf5+ 40. Kf6 Ne3 41. Ba2 Nxg2 42. Kg5 a4 43. Kg4 Ke5 44. Kg3 Ne3 45. Kf3 Nf5
46. Kg4 Ne3+ 47. Kg3 Kd6 48. Kf3 Nc2 49. Kf4 Nb4 50. Bb1 Nd5+ 51. Kg5 Nc3 52.
Bc2 a3 53. Bb3 Kc5 54. h4 Kb4 55. Be6 Ne4+ 56. Kf4 Nc5 57. Ba2 Nd3+ 58. Kg5 Nc1
59. h5 Nxa2 60. h6 Nc3 61. h7 a2 62. h8=Q a1=Q 63. Qd4+ Kb3 64. Qb6+ Kc2 65.
Qf2+ Kd3 66. Qf3+ Kd4 67. Qf6+ Kd3 68. Qf3+ Kd2 69. Qg2+ Ne2 70. Qd5+ Nd4 71.
Qg2+ Ke3 72. Qg3+ Nf3+ 73. Kf5 Qd4 74. Qc7 Qd5+ 75. Kf6 Qg5+ 76. Ke6 Nd4+ 77.
Kd7 Qf5+ 78. Ke8 Qg6+ 79. Qf7 Qa6 80. Qe7+ Kf4 81. Qh4+ Ke5 82. Qe7+ Ne6 83.
Kf7 Qf1+ 84. Ke8 Qh3 85. Kd7 Qd3+ 86. Ke8 Qe4 87. Qd7 Qa8+ 88. Kf7 Qf8+ 89. Kg6
Qf6+ 0-1

[Event "New Zealand Junior Chp"]
[Site "Waitakere"]
[Date "2012.07.06"]
[Round "7.2"]
[White "Gao, Hans"]
[Black "Tsoi, Nicole"]
[Result "1-0"]
[WhiteElo "2189"]
[BlackElo "1934"]
[PlyCount "113"]
[EventDate "2012.07.06"]
[EventType "swiss"]
[EventRounds "7"]
[EventCountry "NZL"]
[SourceDate "2012.09.09"]

1. e4 e6 2. d4 d5 3. Nd2 Nf6 4. Bd3 c5 5. c3 Nc6 6. Ngf3 Qb6 7. O-O cxd4 8.
cxd4 Nxd4 9. Nxd4 Qxd4 10. Nf3 Qb6 11. exd5 Nxd5 12. Ne5 Bd6 13. Qa4+ Kf8 14.
Qe4 Qb4 15. Nc4 Bd7 16. Bd2 Qc5 17. Rac1 Be7 18. Rfd1 Bc6 19. Ne5 Qd6 20. Nxc6
bxc6 21. Qa4 c5 22. Be4 a6 23. Be3 Rc8 24. b4 Qc6 25. Qxc6 Rxc6 26. Bxd5 exd5
27. Rxd5 c4 28. Bc5 Ke8 29. Rxc4 Bxc5 30. Rcxc5 Rxc5 31. Rxc5 Kd7 32. Ra5 Re8
33. f3 Re6 34. Kf2 Kc7 35. Rh5 h6 36. Rf5 Re7 37. f4 Kb6 38. Kf3 Kc6 39. Rc5+
Kb6 40. a3 Re6 41. Rf5 Re7 42. Ra5 Re6 43. g3 Re7 44. h3 Re6 45. f5 Rd6 46. Kf4
Rd3 47. h4 Rd7 48. Ke4 g6 49. Ke5 Rd3 50. g4 gxf5 51. gxf5 Rd7 52. Kf6 Rd4 53.
h5 Rh4 54. Kxf7 Rxh5 55. Kg6 Rh2 56. f6 Rf2 57. f7 1-0

[Event "New Zealand Junior Chp"]
[Site "Waitakere"]
[Date "2012.07.06"]
[Round "7.3"]
[White "Rains, Edward"]
[Black "Zhang, Leo"]
[Result "1/2-1/2"]
[WhiteElo "1895"]
[BlackElo "1771"]
[PlyCount "116"]
[EventDate "2012.07.06"]
[EventType "swiss"]
[EventRounds "7"]
[EventCountry "NZL"]
[SourceDate "2012.09.09"]

1. e4 c5 2. Nc3 e6 3. f4 d5 4. Nf3 dxe4 5. Nxe4 Nc6 6. Bb5 Bd7 7. d3 Be7 8. O-O
Nf6 9. c3 Qc7 10. Qe2 O-O 11. Qf2 Nxe4 12. dxe4 Ne5 13. Be2 Nxf3+ 14. Bxf3 Bc6
15. Be3 b6 16. Qc2 Rad8 17. Rad1 Bb7 18. Qc1 Rxd1 19. Rxd1 Rd8 20. Kf2 Kf8 21.
Qc2 Rxd1 22. Bxd1 g6 23. Bf3 Bc6 24. c4 Ke8 25. Qc3 f6 26. Bc1 Kf7 27. b3 Qd7
28. Bb2 Qd8 29. h4 Qc7 30. Ke3 Qd7 31. h5 Qe8 32. g4 Qf8 33. hxg6+ hxg6 34. e5
Bxf3 35. Kxf3 f5 36. Qe1 Qa8+ 37. Kg3 Qh8 38. g5 Qh5 39. Bc1 Qg4+ 40. Kh2 Qf3
41. Qh4 Bf8 42. Qh7+ Bg7 43. Qh3 Qd1 44. Qe3 Qc2+ 45. Qd2 Qxd2+ 46. Bxd2 Ke7
47. Kg2 Kd7 48. Kf3 Kc6 49. Ke3 Bf8 50. Kd3 a5 51. Kc2 Be7 52. Kb2 Bd8 53. Ka3
b5 54. Kb2 b4 55. a3 Bc7 56. axb4 axb4 57. Kc2 Bb6 58. Kd3 Ba5 1/2-1/2

[Event "New Zealand Junior Chp"]
[Site "Waitakere"]
[Date "2012.07.06"]
[Round "7.4"]
[White "Zhu, Karl Kai"]
[Black "Zhang, William Jiewen"]
[Result "0-1"]
[WhiteElo "1660"]
[BlackElo "1864"]
[PlyCount "56"]
[EventDate "2012.07.06"]
[EventType "swiss"]
[EventRounds "7"]
[EventCountry "NZL"]
[SourceDate "2012.09.09"]

1. e4 e6 2. d4 d5 3. Nc3 Bb4 4. e5 Ne7 5. Qg4 c5 6. a3 Qa5 7. Bd2 cxd4 8. Qxd4
Nbc6 9. Qg4 d4 10. Ne4 Bxd2+ 11. Nxd2 Qxe5+ 12. Be2 f5 13. Qg5 O-O 14. Ngf3 Qf6
15. Qxf6 Rxf6 16. Nc4 Ng6 17. O-O-O e5 18. Rhe1 b5 19. Ncxe5 Ngxe5 20. Bxb5
Nxf3 21. Bxc6 Rxc6 22. gxf3 Rd6 23. c3 d3 24. Re3 Ba6 25. Re5 Bc4 26. Rxf5 Bb3
27. Ra5 Bxd1 28. Kxd1 Re8 0-1

[Event "New Zealand Junior Chp"]
[Site "Waitakere"]
[Date "2012.07.06"]
[Round "7.5"]
[White "Zhu, Leo Lei"]
[Black "Rains, Timothy"]
[Result "1/2-1/2"]
[WhiteElo "1652"]
[BlackElo "1770"]
[PlyCount "101"]
[EventDate "2012.07.06"]
[EventType "swiss"]
[EventRounds "7"]
[EventCountry "NZL"]
[SourceDate "2012.09.09"]

1. e4 c5 2. Nf3 Nc6 3. d4 cxd4 4. Nxd4 g6 5. Be3 Bg7 6. Nc3 Nf6 7. f3 d6 8. Bc4
O-O 9. Qd2 a6 10. O-O-O Qc7 11. Bb3 Na5 12. h4 Nxb3+ 13. Nxb3 b5 14. h5 b4 15.
Na4 a5 16. hxg6 fxg6 17. Nb6 Rb8 18. Nd5 Qd8 19. Bh6 Bxh6 20. Rxh6 Be6 21.
Nxf6+ Rxf6 22. e5 Rf7 23. exd6 exd6 24. Qxd6 Qxd6 25. Rxd6 Bxb3 26. axb3 Rb5
27. Kd2 Rc7 28. Rd3 Rcb7 29. Rh4 Kg7 30. Rhd4 Kh6 31. g4 Kg5 32. Ke2 Rc7 33.
Rc4 Rbc5 34. Rd5+ Rxd5 35. Rxc7 h5 36. gxh5 Kxh5 37. c4 bxc3 38. bxc3 Rb5 39.
c4 Rxb3 40. Rc5+ Kh4 41. Rxa5 Rc3 42. Rc5 g5 43. Re5 Rxc4 44. Re4+ Rxe4+ 45.
fxe4 g4 46. e5 Kg5 47. e6 Kf6 48. e7 Kxe7 49. Ke3 Kf6 50. Kf4 Kg6 51. Kxg4
1/2-1/2

[Event "New Zealand Junior Chp"]
[Site "Waitakere"]
[Date "2012.07.06"]
[Round "7.6"]
[White "Huang, Nicholas"]
[Black "Kolev, Hristo"]
[Result "0-1"]
[WhiteElo "1042"]
[BlackElo "1733"]
[PlyCount "62"]
[EventDate "2012.07.06"]
[EventType "swiss"]
[EventRounds "7"]
[EventCountry "NZL"]
[SourceDate "2012.09.09"]

1. d4 Nf6 2. c4 c5 3. e3 g6 4. Nc3 Bg7 5. dxc5 Na6 6. Nf3 O-O 7. Be2 Nxc5 8.
Bd2 Nfe4 9. Nxe4 Nxe4 10. Qc2 d5 11. Bb4 a5 12. Ba3 Re8 13. Rd1 e6 14. cxd5
exd5 15. Bb5 Re6 16. Bc4 Nf6 17. Ng5 Rc6 18. Qd2 Rxc4 19. Qd3 Bf5 20. Qe2 Rac8
21. O-O Qb6 22. Nf3 Rc2 23. Rd2 Rxd2 24. Nxd2 Rc2 25. Rd1 Bg4 26. f3 Bf5 27. g4
Be6 28. Qd3 Qc6 29. Nb3 Qc7 30. Nxa5 Qxh2+ 31. Kf1 Qf2# 0-1

[Event "New Zealand Junior Chp"]
[Site "Waitakere"]
[Date "2012.07.06"]
[Round "7.7"]
[White "Jiang, Richard"]
[Black "Zhan, Judd"]
[Result "1-0"]
[WhiteElo "1452"]
[BlackElo "1542"]
[PlyCount "64"]
[EventDate "2012.07.06"]
[EventType "swiss"]
[EventRounds "7"]
[EventCountry "NZL"]
[SourceDate "2012.09.09"]

1. e4 g6 2. d4 Bg7 3. c4 c5 4. d5 d6 5. Nc3 e5 6. dxe6 Bxe6 7. Bf4 Be5 8. Bxe5
dxe5 9. Qxd8+ Kxd8 10. O-O-O+ Ke7 11. Nd5+ Bxd5 12. exd5 Nd7 13. g3 Ngf6 14.
Bg2 Kd6 15. h3 a5 16. Ne2 a4 17. Nc3 Kc7 18. Nb5+ Kb6 19. d6 Ne8 20. Rhe1 f5
21. Bd5 Rf8 22. Be6 Rd8 23. Bxd7 Rxd7 24. Rxe5 Kc6 25. Rdd5 b6 26. Re7 Rxe7 27.
dxe7 Rf7 28. Na7+ Kc7 29. Nb5+ Kb7 30. Rd8 Rxe7 31. Rxe8 Rd7 32. Re2 Kc6 1-0

[Event "New Zealand Junior Chp"]
[Site "Waitakere"]
[Date "2012.07.06"]
[Round "7.8"]
[White "Ang, Alphaeus Wei Ern"]
[Black "Fan, Allen"]
[Result "1-0"]
[WhiteElo "1814"]
[BlackElo "1429"]
[PlyCount "45"]
[EventDate "2012.07.06"]
[EventType "swiss"]
[EventRounds "7"]
[EventCountry "NZL"]
[SourceDate "2012.09.09"]

1. d4 f5 2. Nc3 Nf6 3. Bg5 e6 4. Bxf6 gxf6 5. e4 fxe4 6. Qh5+ Ke7 7. Nxe4 Bg7
8. O-O-O b6 9. Bd3 Nc6 10. c3 Qe8 11. Qh4 Qg6 12. Kb1 Qxg2 13. Ne2 Qg6 14. Rhg1
Qf7 15. Qg3 Rg8 16. Nxf6 Qxf6 17. Bxh7 Rh8 18. Qxg7+ Qxg7 19. Rxg7+ Kf6 20.
Rdg1 e5 21. R1g6+ Kf5 22. Ng3+ Kf4 23. Rf7# 1-0

[Event "New Zealand Junior Chp"]
[Site "Waitakere"]
[Date "2012.07.06"]
[Round "7.8"]
[White "Zhan, Judd"]
[Black "Tang, Ally"]
[Result "1-0"]
[WhiteElo "1542"]
[BlackElo "984"]
[PlyCount "119"]
[EventDate "2012.07.06"]
[EventType "swiss"]
[EventRounds "7"]
[EventCountry "NZL"]
[SourceDate "2012.09.09"]

1. e4 c5 2. Nf3 Nc6 3. c3 e5 4. d4 d6 5. dxc5 Bg4 6. cxd6 Bxd6 7. Be3 Nf6 8.
Nbd2 O-O 9. Bc4 a6 10. h3 b5 11. hxg4 bxc4 12. Nxc4 Nxe4 13. Nxd6 Nxd6 14. O-O
e4 15. Nd4 Ne5 16. Nf5 Nec4 17. Bc5 Nxf5 18. Bxf8 Qxf8 19. gxf5 e3 20. Qg4 Qc5
21. f6 g6 22. Qd4 Qxd4 23. cxd4 e2 24. Rfe1 Re8 25. Rac1 Nxb2 26. Rxe2 Rd8 27.
Rxb2 h5 28. Rd1 Rd6 29. d5 Rxf6 30. d6 Rxd6 31. Rxd6 a5 32. Ra6 Kg7 33. Rxa5 f5
34. Ra7+ Kh6 35. a4 Kg5 36. Rb3 Kg4 37. Rb4+ f4 38. Rf7 g5 39. Rfxf4+ gxf4 40.
Rxf4+ Kxf4 41. a5 h4 42. a6 Kg4 43. a7 h3 44. gxh3+ Kxh3 45. a8=Q Kg4 46. Qe4+
Kg5 47. Qf3 Kg6 48. Qd5 Kf6 49. Qe4 Kg5 50. Qf3 Kg6 51. Qf4 Kg7 52. Qf5 Kh6 53.
Qg4 Kh7 54. Qg5 Kh8 55. Kg2 Kh7 56. Kg3 Kh8 57. Kf4 Kh7 58. Kf5 Kh8 59. Kf6 Kh7
60. Qg7# 1-0

[Event "New Zealand Junior Chp"]
[Site "Waitakere"]
[Date "2012.07.06"]
[Round "7.9"]
[White "Dong, Olivia"]
[Black "Lam, Byron"]
[Result "0-1"]
[WhiteElo "1250"]
[BlackElo "1783"]
[PlyCount "138"]
[EventDate "2012.07.06"]
[EventType "swiss"]
[EventRounds "7"]
[EventCountry "NZL"]
[SourceDate "2012.09.09"]

1. d4 Nf6 2. Bf4 g6 3. Nd2 Bg7 4. e4 d6 5. Ngf3 Nbd7 6. Bd3 c5 7. d5 Nh5 8. Be3
Bxb2 9. Rb1 Bg7 10. h3 O-O 11. O-O Re8 12. Bb5 Rb8 13. c4 a6 14. Ba4 Qc7 15.
Qb3 Nhf6 16. Bf4 Rf8 17. Qe3 Nh5 18. Bh6 Qd8 19. Bxg7 Kxg7 20. Rfe1 Nb6 21. Bc2
e5 22. dxe6 Bxe6 23. Bb3 Nd7 24. e5 Qc7 25. Rbd1 dxe5 26. Nxe5 Nxe5 27. Qxe5+
Qxe5 28. Rxe5 b6 29. Nf3 Rbd8 30. Ree1 h6 31. Ne5 Nf4 32. Nc6 Rc8 33. Ne7 Rc7
34. Nd5 Nxd5 35. cxd5 Bf5 36. d6 Rd7 37. Re7 Rxe7 38. dxe7 Re8 39. Rd6 Rxe7 40.
Rxb6 Bd3 41. Rc6 Re1+ 42. Kh2 Rc1 43. Bd5 c4 44. Rc7 Kf6 45. f4 g5 46. Rxf7+
Kg6 47. fxg5 hxg5 48. Rc7 c3 49. Bg8 Kf6 50. Bb3 Ke5 51. Kg3 Bf5 52. Kh2 Kf4
53. Re7 c2 54. g3+ Kf3 55. Bd5+ Kf2 56. Rc7 Re1 57. Rf7 c1=Q 58. Rxf5+ Ke3 59.
Re5+ Kd4 60. Rxe1 Qxe1 61. Bg2 Ke3 62. h4 gxh4 63. gxh4 Qxh4+ 64. Kg1 Ke2 65.
Bf1+ Kf3 66. Bg2+ Kg3 67. Kf1 Qf4+ 68. Kg1 Qf2+ 69. Kh1 Qxg2# 0-1

[Event "New Zealand Junior Chp"]
[Site "Waitakere"]
[Date "2012.07.06"]
[Round "7.10"]
[White "Yan, Caroline"]
[Black "Jia, Hao"]
[Result "0-1"]
[WhiteElo "1056"]
[BlackElo "1762"]
[PlyCount "130"]
[EventDate "2012.07.06"]
[EventType "swiss"]
[EventRounds "7"]
[EventCountry "NZL"]
[SourceDate "2012.09.09"]

1. e4 c5 2. Nf3 Nc6 3. Nc3 Nf6 4. e5 Ng4 5. Qe2 Qc7 6. d3 Ngxe5 7. Nxe5 Qxe5 8.
Qxe5 Nxe5 9. Bf4 d6 10. Nb5 Kd7 11. O-O-O Nc6 12. Be2 a6 13. Nc3 e6 14. Na4 Kc7
15. Nc3 b5 16. Bf3 Bb7 17. Rde1 Na5 18. Bxb7 Nxb7 19. Ne4 Be7 20. Re3 e5 21.
Bg3 f5 22. Nc3 Bg5 23. Bh4 Bxh4 24. Re2 Bg5+ 25. Kb1 b4 26. Nd5+ Kc6 27. Ne3
Bxe3 28. fxe3 g5 29. Rf2 Raf8 30. g3 Rf7 31. e4 f4 32. gxf4 Rxf4 33. Rxf4 exf4
34. Rf1 Rf8 35. a3 bxa3 36. bxa3 f3 37. Kc1 g4 38. Kd2 h5 39. Ke3 h4 40. Kf2
Nd8 41. Rg1 Rg8 42. h3 g3+ 43. Kxf3 Nf7 44. c3 Ne5+ 45. Ke2 Rf8 46. Ke3 Rf3+
47. Ke2 Rxd3 48. Rc1 Rf3 49. c4 g2 50. Rg1 Rxa3 51. Rxg2 Ra2+ 52. Kf1 Rxg2 53.
Kxg2 a5 54. Kf2 a4 55. Ke3 a3 56. Kf4 Nxc4 57. Kg4 a2 58. Kxh4 a1=Q 59. Kg5
Qg7+ 60. Kf4 Qf6+ 61. Kg3 Qg5+ 62. Kf2 Qf4+ 63. Kg2 Ne3+ 64. Kg1 Qf1+ 65. Kh2
Qg2# 0-1

[Event "New Zealand Junior Chp"]
[Site "Waitakere"]
[Date "2012.07.06"]
[Round "7.11"]
[White "Qin, Joy Shu Yan"]
[Black "Zhu, Crystal"]
[Result "1-0"]
[WhiteElo "1485"]
[BlackElo "1223"]
[PlyCount "141"]
[EventDate "2012.07.06"]
[EventType "swiss"]
[EventRounds "7"]
[EventCountry "NZL"]
[SourceDate "2012.09.09"]

1. e4 e6 2. d4 d5 3. Nc3 Bb4 4. e5 c5 5. a3 Qa5 6. Bd2 Bxc3 7. bxc3 c4 8. Nf3
Ne7 9. Be2 O-O 10. Nh4 h6 11. Bh5 Qd8 12. Qg4 Kh7 13. Nf3 g6 14. Qf4 Nf5 15.
Bg4 g5 16. Bxf5+ exf5 17. Qe3 f4 18. Qe2 Bf5 19. Ra2 Re8 20. g3 Qb6 21. O-O f6
22. gxf4 gxf4 23. Bxf4 Rg8+ 24. Bg3 fxe5 25. Nxe5 Nc6 26. Qh5 Bg6 27. Nxg6 Rxg6
28. Qxd5 Qa6 29. Kh1 Ne7 30. Qd7 Qc6+ 31. Qxc6 Rxc6 32. Re1 Nd5 33. Raa1 Rg8
34. Rab1 b6 35. Rb5 Nxc3 36. Re7+ Rg7 37. Rbe5 Rc7 38. Rxg7+ Rxg7 39. d5 Rd7
40. d6 Kg6 41. Kg2 Kf6 42. Rh5 Kg6 43. Re5 Kf6 44. Kf3 a6 45. h4 Nb5 46. Re4
Nxd6 47. Rd4 Ke6 48. Bxd6 Rxd6 49. Rxc4 Kd5 50. Rf4 Ke5 51. Ke3 b5 52. Re4+ Kf5
53. c4 Rd1 54. Rf4+ Ke5 55. cxb5 axb5 56. Rb4 Rd5 57. f4+ Kf6 58. Ke4 Rh5 59.
Rb3 Rxh4 60. Rxb5 Ke6 61. Rb6+ Ke7 62. a4 Rh5 63. Rb5 Rh1 64. Ke5 Rh5+ 65. f5
Rh1 66. Rb7+ Kf8 67. Kf6 Re1 68. Rb8+ Re8 69. Rxe8+ Kxe8 70. Kg6 Kf8 71. a5 1-0

[Event "New Zealand Junior Chp"]
[Site "Waitakere"]
[Date "2012.07.06"]
[Round "7.12"]
[White "Wang, Luke Jintao"]
[Black "Geng, Karen Jingyi"]
[Result "1-0"]
[WhiteElo "1283"]
[BlackElo "1425"]
[PlyCount "64"]
[EventDate "2012.07.06"]
[EventType "swiss"]
[EventRounds "7"]
[EventCountry "NZL"]
[SourceDate "2012.09.09"]

1. d4 f5 2. Bf4 g6 3. e3 Bg7 4. c4 d6 5. Nf3 Nf6 6. Nc3 c6 7. Qb3 Na6 8. c5
dxc5 9. Bxa6 bxa6 10. dxc5 Nd5 11. Ne5 Be6 12. Qa4 Qc8 13. Rd1 Nxc3 14. bxc3
O-O 15. O-O Bd5 16. c4 Be6 17. Nxc6 Qe8 18. Qxa6 Bc8 19. Qb5 Bd7 20. Nxe7+ Qxe7
21. Qxd7 Qxd7 22. Rxd7 Rf7 23. c6 Rc8 24. Rxf7 Kxf7 25. c7 Bf6 26. Rd1 g5 27.
Bg3 h5 28. h3 g4 29. hxg4 hxg4 30. Rb1 Bd8 31. Rb8 Bxc7 32. Rxc8 Bxg3 1-0